[Event "7th Gashimov Memorial-Rapid 2021"]
[Site "Baku"]
[Date "2021.12.19"]
[Round "2.2"]
[White "Caruana, Fabiano"]
[Black "Mamedov, Rauf"]
[Result "1-0"]
[WhiteElo "2792"]
[BlackElo "2656"]
[Annotator "TA"]
[PlyCount "79"]
[EventDate "2021.12.17"]
[EventType "tourn"]
[EventCountry "AZE"]
[SourceTitle "playchess.com"]
[Source "ChessBase"]
[SourceQuality "1"]

{[%evp 9,79,29,29,7,13,13,10,0,0,0,0,-6,9,-10,-10,-6,-10,-9,14,8,20,9,13,7,6,
-6,15,-12,13,13,18,0,35,25,7,11,59,34,61,50,58,35,148,153,135,136,143,-6,103,
85,207,185,243,189,277,153,347,344,343,325,330,326,408,295,394,390,453,453,644,
628,576,402]} 1. e4 e5 2. Nf3 d6 3. d4 exd4 4. Qxd4 Nf6 5. Nc3 Be7 6. Bb5+ {
C41: Philidor Defence.} c6 7. Be2 O-O 8. Bf4 {The position is equal.} d5 9.
exd5 {[#]} cxd5 $146 ({Predecessor:} 9... Nxd5 10. Nxd5 cxd5 11. c3 Nc6 12. Qd2
Bf6 13. Rd1 Be6 14. O-O h6 15. h3 Re8 {1-0 (41) Smagin,S (2540)-Lagumina,G 
(2290) Amantea 1994}) 10. O-O Nc6 11. Qa4 a6 12. Rad1 Be6 {And now ...b5 would
win.} 13. Nd4 Qb6 {[#]} 14. Qb3 $1 Qa7 (14... Qxb3 15. Nxb3) 15. Nxc6 bxc6 16.
Na4 a5 17. Qg3 Ne4 18. Qe3 (18. Qf3 {looks sharper.} Qb7 19. Bd3 Nc5 20. Nxc5
Bxc5 21. Qg3) 18... Qxe3 (18... Nc5 {feels hotter.} 19. Nxc5 Bxc5 20. Qd2 Bf5
21. Bf3 Rfe8) 19. Bxe3 Rab8 20. b3 Rb4 21. Bd4 c5 22. Ba1 d4 (22... c4 $11) 23.
Bd3 Nf6 {[%cal Be4f6,Bf6d5,Bd5b4,Bb4c2][%mdl 32]} 24. Rfe1 $1 {[%cal Od3c4]} (
24. c3 Rxa4 25. bxa4 c4 $11) 24... Nd5 25. Bc4 {Threatens to win with Bxd5.}
Rxc4 26. bxc4 $16 Nb4 27. c3 Nc2 28. cxd4 (28. Re4 $16) 28... cxd4 (28... Nxe1
$11 {remains equal.} 29. Rxe1 cxd4) 29. Re5 ({Reject} 29. Bxd4 $6 Nxe1 30. Rxe1
Bb4 $11) 29... Bf6 (29... Bb4 $16) 30. Rxa5 $18 Bxc4 (30... Nxa1 $142 31. Rxa1
Re8) 31. Rc1 Re8 (31... Bd3 {might work better.}) 32. Nb6 (32. Nb2 $18 d3 33.
Nxc4 Bxa1 34. Rd5) 32... Be2 {Loses the game.} (32... Bd3 $16 33. Nd5 Bg5) 33.
Rxc2 d3 34. Bxf6 ({Don't blunder} 34. Rc1 $2 d2 35. Rb1 Bd3 $19) 34... dxc2 {
[%cal Rc2c1] [#]} 35. Bb2 Ba6 {[%cal Re8e1]} 36. h3 Bb7 37. Rc5 Re1+ 38. Kh2 {
White is clearly winning.} Re2 (38... h5 $142 39. Rxc2 Re6) 39. Rc7 Ba6 40. Nd5
{Weighted Error Value: White=0.19 (very precise) /Black=0.47} 1-0

[Event "7th Gashimov Memorial-Rapid 2021"]
[Site "Baku"]
[Date "2021.12.18"]
[Round "2.2"]
[White "Rapport, Richard"]
[Black "Karjakin, Sergey"]
[Result "1-0"]
[WhiteElo "2763"]
[BlackElo "2743"]
[Annotator "TA"]
[PlyCount "110"]
[EventDate "2021.12.17"]
[EventType "tourn"]
[EventCountry "AZE"]
[SourceTitle "playchess.com"]
[Source "ChessBase"]
[SourceQuality "1"]

{[%evp 17,110,62,65,76,68,64,57,50,60,62,54,58,62,60,66,64,58,53,59,10,80,10,
76,68,83,67,66,64,108,103,108,97,95,0,173,176,190,139,246,245,243,240,232,204,
366,348,577,0,0,0,0,0,8,0,8,11,580,525,422,318,783,767,707,257,226,21,270,267,
1238,783,1257,1222,1061,704,1364,1575,1501,1349,779,9,87,0,689,0,89,8,8,8,8,8,
588,588,588,588,29991]} 1. e4 c5 2. Nf3 d6 3. Bb5+ Nd7 4. d4 cxd4 5. Qxd4 Ngf6
6. Bg5 a6 7. Bxd7+ Bxd7 8. O-O h6 9. Bxf6 gxf6 10. c4 {B51: Sicilian: Moscow
Variation (3 Bb5+) without 3...Bd7.} e6 11. Nc3 Be7 12. a4 {White is slightly
better.} Qa5 {[#]} 13. Rab1 $146 ({Predecessor:} 13. b3 Rc8 14. Qd3 Rg8 15. Kh1
h5 16. Ra2 h4 17. Nd4 Qh5 18. Re1 Qg5 19. f3 {½-½ (39) Belozerov,A (2512)
-Motylev,A (2680) Sochi 2017}) 13... Qb4 14. b3 h5 15. Rfd1 {White is more
active.} h4 16. Ne1 Qc5 17. Qd3 Rc8 18. Nc2 (18. h3 $14) 18... Qg5 (18... h3
$11) 19. b4 (19. Ne3 $16) 19... Rg8 (19... f5 $1 $11) 20. Ne3 $1 $16 {[%cal
Oc4c5]} Rd8 21. Qe2 Kf8 22. a5 Kg7 (22... f5 $14 {deserves consideration.} 23.
exf5 exf5) 23. Kh1 Kh8 24. Rf1 Qh6 25. f4 (25. h3 $16) 25... h3 $2 (25... f5 $1
$11) 26. g4 $1 $18 Qh4 27. f5 (27. Qd3 $18) 27... Rg7 (27... d5 $16 {was
necessary.} 28. fxe6 (28. cxd5 exf5 29. Nxf5 Bxf5 $14) (28. exd5 exd5 29. Ncxd5
Bc6 $16) 28... fxe6 29. exd5 Bd6) 28. Rf3 Rdg8 29. Rg1 Rh7 30. Rgg3 d5 $2 (
30... Bd8 31. Qd3 (31. Rxh3 Qxh3 32. Rxh3 Rxh3 $16) (31. Qf1 Qg5 $16) 31... Bc7
) 31. exd5 Bd6 $2 (31... Bxb4 $2 32. Ne4 exf5 33. Rxh3 $1 Qxh3 34. Rxh3 Rxh3
35. Nxf6 $18) (31... exd5 32. Qf1 (32. Ncxd5 Bd6 $18) (32. Rxh3 Qxh3 33. Rxh3
Rxh3 $18) 32... Bxb4 33. Ncxd5 Bc5 34. Rxh3 Qg5 35. Rxh7+ Kxh7 36. Rh3+ Kg7)
32. Rxh3 $2 (32. Ne4 $18 Bxg3 33. hxg3) 32... Qxh3 $11 33. Rxh3 Rxh3 34. Ne4 {
[%csl LRd6,LRf6]} Rxh2+ 35. Qxh2+ Bxh2 36. Kxh2 exf5 $2 {[%mdl 8192]} (36...
exd5 $11 37. Nxd5 Ba4) 37. Nxf6 {[%mdl 4096] Endgame KRB-KNN} f4 38. Ng2 (38.
Nxg8 $2 fxe3 39. Kg2 Kxg8 $19) 38... Rc8 $2 (38... Rd8 39. Nxf4 (39. Nxd7 Rxd7
40. Nxf4 Kg7 $11) 39... Ba4) 39. Nxd7 $18 Rxc4 40. Ne5 $2 (40. Nh4 Rd4 41. Nf6)
40... Rd4 41. d6 (41. Nxf7+ $18 Kg8 42. Nh6+ Kh7 43. Nf5) 41... f6 $2 (41...
Kg8 $1 $11 {and Black is okay.}) 42. Ng6+ $1 {[%cal Be5g6,Bg6h4,Bh4f5][%mdl 32]
} Kg7 $2 (42... Kh7 43. N6xf4 (43. N2xf4 Rxd6 44. Ne7 b6 $14) 43... Kh6) 43.
N6h4 {White threatens Nf5+ and mate.} Kf7 44. Nf5 Rd2 45. Kg1 $1 f3 46. Nf4 Ke8
47. Kf1 Kd7 48. Nh5 $2 (48. Ke1 $18 f2+ 49. Kf1) 48... Ke6 $11 49. Nf4+ ({
Better is} 49. Ne3 $1 $16 Rxd6 50. Nf4+ Kd7 51. Kf2) 49... Ke5 {[%mdl 8192]} (
49... Kd7 $11 50. Ke1 Rh2) 50. Nh5 $2 (50. Ng6+ $18 Ke4 51. Ke1) 50... Rb2 {[#]
} (50... Ke6 $11 {keeps the balance.}) 51. Ke1 (51. d7 $1 $16 {[%cal Rd7d8]}
Rd2 52. Nh4 Rxd7 53. Nxf3+ Ke6 54. Ke2) 51... f2+ $1 52. Kf1 Rxb4 53. Kxf2 {
Hoping for d7.} Rxg4 $2 {[%mdl 8192] [#]} (53... Rb2+ $11 {and Black has
nothing to worry.} 54. Ke3 Rb3+ 55. Ke2 Rb5) 54. d7 $1 $18 Rg8 {[#]} 55. Nh6 $1
Kd5 {Weighted Error Value: White=0.58/Black=0.89} 1-0

[Event "7th Gashimov Memorial-Rapid 2021"]
[Site "Baku"]
[Date "2021.12.19"]
[Round "2.2"]
[White "Anand, Viswanathan"]
[Black "Rapport, Richard"]
[Result "1/2-1/2"]
[WhiteElo "2751"]
[BlackElo "2763"]
[Annotator "TA"]
[PlyCount "178"]
[EventDate "2021.12.17"]
[EventType "tourn"]
[EventCountry "AZE"]
[SourceTitle "playchess.com"]
[Source "ChessBase"]
[SourceQuality "1"]

{[%evp 15,178,33,32,30,31,40,35,35,33,35,30,27,47,-33,-38,-39,47,35,39,10,35,0,
0,0,0,0,0,0,0,0,0,0,0,0,0,0,0,0,0,0,0,0,0,0,0,-3,0,0,0,0,0,0,0,0,104,0,0,0,0,0,
0,0,0,0,0,0,0,0,72,72,72,73,73,77,121,116,129,0,72,72,72,77,82,36,33,26,42,22,
22,22,25,0,0,0,0,-37,-8,-42,139,128,142,136,136,144,161,34,42,42,44,0,141,141,
258,258,458,561,557,522,521,477,522,522,522,421,478,475,450,272,272,31,31,31,
31,39,39,31,49,49,78,61,85,0,92,74,74,56,83,49,55,0,103,55,97,52,105,12,12,-13,
-11,-13,-10,-10,-10,-359,-97]} 1. e4 e6 2. d4 d5 3. Nc3 Bb4 4. e5 c5 5. a3
Bxc3+ 6. bxc3 Qc7 7. Qg4 $1 {The main line 7.Qg4 scores better than 7.Nf3.} f6
8. Nf3 c4 9. Qg3 {C18: French: 3 Nc3 Bb4: Main line: 7 h4 and 7 Qg4.} Qf7 10.
h4 h5 11. Be2 {White is slightly better.} Nc6 12. O-O {[#]} Nge7 $146 ({
Predecessor:} 12... Bd7 13. a4 Nh6 14. Ba3 O-O-O 15. Rfb1 Rhg8 16. a5 Be8 17.
Bc5 Nf5 18. Qh2 Qc7 {½-½ (30) Wedberg,T (2540)-Johannessen,L (2452) Malmo
2002}) 13. Re1 (13. a4 {seems wilder.} b6 14. Ba3 Nf5 15. Qf4 Qg6 16. g3) 13...
Qg6 14. Bd1 (14. Qxg6+ $14 Nxg6 15. exf6 gxf6 16. a4) 14... Qxg3 $15 15. fxg3
f5 (15... Bd7 $15) 16. Ng5 Bd7 17. Bf3 Nd8 18. Nh3 Ba4 19. Ra2 Ng6 20. Bg5 Nc6
21. Rb1 Rb8 22. Kf2 {[%cal Bg1f2,Bf2e3,Be3d2][%mdl 32]} Kd7 23. Ke3 Kc7 24. Kd2
Ra8 25. Nf2 Nf8 26. Rab2 b5 27. Ra2 a6 28. Raa1 Re8 29. Rf1 Nb8 30. g4 hxg4 31.
Nxg4 fxg4 32. Bxg4 Rg8 33. Rf7+ Nfd7 34. Re7 Rgf8 (34... Nc6 $11 35. Rxe6 Rxe6
36. Bxe6 Rf8) 35. Re1 ({White must play} 35. Rxg7 $16 Kc6 36. Re1) 35... Rxe7
$11 36. Bxe7 {A strong pair of Bishops.} Rf2+ 37. Re2 Rxe2+ 38. Bxe2 Nc6 39.
Bd6+ Kc8 40. Bg4 Nd8 41. h5 b4 (41... Kb7 $11 {keeps the balance.}) 42. cxb4
$16 Kb7 43. c3 {[%mdl 1024] White has strong compensation.} Kc8 44. Bh3 Bb3 (
44... Bb5 $142) 45. Be7 {And now g4 would win.} Nc6 46. Bd6 ({White has to play
} 46. Bg5) 46... Nd8 47. g3 Ba4 48. Bg4 Bb3 49. b5 (49. Kc1 $16) 49... axb5 $14
50. Bb4 Ba2 51. Kc1 {Prevents Bb1.} Bb3 52. Bh3 Ba4 53. g4 Nf7 54. Be7 Nb8 55.
Bf8 (55. g5 $5 {[%cal Rh3e6]} Kd7 56. h6 $11) 55... Ng5 56. Bg2 b4 $2 (56...
Nc6 $15 {keeps the upper hand.}) 57. axb4 $16 g6 ({Weaker is} 57... Ne4 58.
Bxe4 (58. Bxg7 Be8 $16) 58... dxe4 59. Bxg7) 58. hxg6 {Threatening mate with
g7.} Be8 59. g7 Bf7 60. b5 ({White should try} 60. Kd2 $18) 60... Nd7 61. Be7
Ne4 62. Kb2 (62. Bxe4 $14 {feels stronger.} dxe4 63. Bc5) 62... Nf2 {[#]} (
62... Nb6 $1 $11 {remains equal.}) 63. Bf3 $1 Nd3+ (63... Ne4 $16 64. Bb4 Kb7)
64. Ka3 $18 Kc7 $2 (64... Bg8 65. Ka4 Nf2) 65. g5 {[%cal Of3h5] Bh5! is the
strong threat.} Nf4 {Prevents Bh5.} 66. Kb4 Kb7 67. Bd1 Nd3+ 68. Ka5 {[%cal
Od1h5]} Nf4 {To avoid Bh5} 69. Bd8 {Threatens to win with Ba4.} Kc8 70. Bf6 Kb7
71. Bc2 Bg8 {Prevents Bh7.} 72. g6 $2 (72. Kb4 $18) 72... Ne2 $14 73. Kb4 Nc1
74. Bb1 Ne2 75. Bg5 Kc7 76. Bc2 Nb6 77. Be7 (77. Bd1 $5 {[%cal Rd1e2]} Ng3 78.
Be7 $16) 77... Nd7 78. Bg5 Nb6 $1 79. Bd1 Ng3 80. Be7 {aiming for Ka5.} Nd7 81.
Bg4 Kb7 82. Bd1 (82. Bf6 $14) 82... Kc7 $1 $16 {[#]} 83. Bf3 (83. Ba4 $1 $16)
83... Kb7 (83... Nf5 $14 84. Bf8 Nb6) 84. Ka5 (84. Bg4 $16) 84... Nf5 ({
Black should play} 84... Ne4 $14) 85. Bd8 {White is more active.} (85. Bf6 $16)
85... Nxg7 $11 86. b6 Nb8 {White must now prevent ...Nc6+.} 87. Kb5 Nf5 {
Strongly threatening ...Nc6.} 88. Bg4 Ng3 {Hoping for ...Ne4.} 89. Bc7 $2 {
[%mdl 8192]} (89. Bf3 $1 $11 {and White has nothing to worry.}) 89... Nd7 $2 {
Quite a comeback for Black.  Weighted Error Value: White=0.17 (very precise) /
Black=0.17 (very precise)} (89... Na6 $19 90. Bd6 Ne4) 1/2-1/2

[Event "7th Gashimov Memorial-Rapid 2021"]
[Site "Baku"]
[Date "2021.12.19"]
[Round "2.2"]
[White "Karjakin, Sergey"]
[Black "Navara, David"]
[Result "1-0"]
[WhiteElo "2743"]
[BlackElo "2697"]
[Annotator "TA"]
[PlyCount "89"]
[EventDate "2021.12.17"]
[EventType "tourn"]
[EventCountry "AZE"]
[SourceTitle "playchess.com"]
[Source "ChessBase"]
[SourceQuality "1"]

{[%evp 9,89,10,11,12,14,17,16,13,20,16,33,29,55,37,103,62,83,76,92,86,124,126,
170,175,166,165,151,123,110,111,113,116,191,192,208,227,206,212,258,246,241,
222,218,217,372,368,390,397,380,380,433,338,497,438,480,484,535,565,566,561,
543,533,532,431,673,631,628,721,701,652,924,891,772,821,994,993,976,935,5182,
3216,12844,11859]} 1. e4 e5 2. Nf3 Nc6 3. Bb5 Nf6 4. d3 Bc5 5. Bxc6 dxc6 6. O-O
{C65: Ruy Lopez: Berlin Defence (3...Nf6), unusual lines and 4 0-0 Bc5.} Bd6 7.
Bg5 h6 8. Bh4 {The position is equal.} Be6 9. d4 {[#]} g5 $146 ({Predecessor:} 
9... Be7 10. Bxf6 gxf6 11. dxe5 Qxd1 12. Rxd1 fxe5 13. Nxe5 Bf6 14. Nd3 O-O-O
15. Nc3 Bc4 {½-½ (58) Giri,A (2780)-Radjabov,T (2765) chess24.com INT 2021})
10. dxe5 gxh4 11. exd6 h3 (11... Rg8 $14) 12. dxc7 (12. e5 $16 hxg2 13. Re1)
12... Qxd1 $14 13. Rxd1 hxg2 14. Nc3 Rg8 15. Nd4 Nh5 (15... Ke7 $16 {was
called for.}) 16. Nce2 $18 Rc8 17. Nxe6 {Dancing on a razor blade.} fxe6 18.
Rd6 {White is more active.} Ke7 19. Rd3 Rxc7 20. Rad1 Nf6 {[#]} (20... Rg4 $16
{is a better defense.}) 21. e5 $1 Ng4 22. f4 h5 23. Rh3 Rd7 24. Rxd7+ Kxd7 {
[%mdl 4096] Endgame KRN-KRN} 25. c3 (25. Kxg2 Nxe5+ 26. Kf1 Nc4 $14) 25... c5
26. Rxh5 Kc6 $2 (26... Ne3 27. Rg5 Rh8) 27. Kxg2 Nxe5+ 28. Rg5 Ng6 {[%cal
Og6f4]} 29. Kg3 Kd6 30. h4 Ne7 31. Rxg8 {White is clearly winning.} Nxg8 {KN-KN
} 32. Kg4 Ke7 33. Kg5 Kf7 34. c4 Nf6 35. Nc3 {Prevents Ne4+.} Kg7 36. b3 b6 (
36... Nh7+ $142 37. Kg4 Nf6+ 38. Kf3 Kg6) 37. f5 {[%cal Bf4f5,Bf5f6][%mdl 32]}
e5 38. Nd5 Ne4+ 39. Kg4 {[%cal Of5f6] Threatens to win with f6+!} Kh6 40. f6 {
And now Kf5 would win.} Nd6 41. Ne7 {Strongly threatening Nf5+.} e4 42. Kf4 ({
Don't blunder} 42. Nf5+ $2 Nxf5 43. h5 {[#]} (43. Kxf5 $2 e3 $19) 43... e3 $1
$19) 42... a6 43. Nd5 b5 44. Ke5 bxc4 45. Kxd6 {Weighted Error Value: White=0.
05 (flawless) /Black=0.31} 1-0

[Event "7th Gashimov Memorial-Rapid 2021"]
[Site "Baku"]
[Date "2021.12.19"]
[Round "2.2"]
[White "Asadli, Vugar"]
[Black "Mamedyarov, Shakhriyar"]
[Result "1-0"]
[WhiteElo "2579"]
[BlackElo "2767"]
[Annotator "TA"]
[PlyCount "51"]
[EventDate "2021.12.17"]
[EventType "tourn"]
[EventCountry "AZE"]
[SourceTitle "playchess.com"]
[Source "ChessBase"]
[SourceQuality "1"]

{[%evp 13,51,27,19,22,12,13,18,18,18,25,31,22,27,22,21,5,0,4,14,-39,-20,-35,0,
0,20,0,2,0,60,28,191,195,190,185,233,222,568,564,540,538]} 1. e4 e5 2. Nf3 Nc6
3. d4 exd4 4. Nxd4 Bc5 5. Nxc6 bxc6 6. Bd3 d6 7. Nc3 Nf6 {aiming for ...Ng4.}
8. Na4 {was the old line (8.0-0). C47: Scotch Four Knights and Four Knights
with 4 g3.} Bb6 9. O-O $5 {[%mdl 4] An interesting side line.} O-O 10. Bg5 {
[%cal Bc1g5,Bg5h4,Bh4g3,Bg3e5][%mdl 32] The position is equal.} h6 11. Bh4 g5
12. Bg3 Re8 {Inhibits e5.} 13. Nxb6 axb6 14. e5 dxe5 15. Bxe5 {[#]} Ba6 $146 (
15... Rxe5 $2 16. Bh7+ $1 {[%mdl 512]} Kxh7 17. Qxd8 $18) ({Predecessor:} 15...
Nd7 16. Bg3 Nc5 17. Bc4 Qxd1 18. Rfxd1 b5 19. Bf1 Re7 20. Rd8+ Kg7 21. f3 Nb7 {
1-0 (70) Vukovic,I (1805)-Bajt,H (1558) Nova Gorica 2016}) 16. f4 (16. Bxa6 $11
Qxd1 17. Rfxd1 Rxe5 18. Bd3 (18. Bb7 Ra7 $15)) 16... Bxd3 $15 17. cxd3 gxf4 (
17... Nd5 $5 {[%cal Rd5e3]}) 18. Bxf4 Re6 19. Qf3 Qd4+ 20. Kh1 Qd5 (20... Nd5
$11) 21. Qh3 (21. Bxh6 Qxf3 22. gxf3 Kh7 $11) 21... Rxa2 $2 {This costs Black
the game.} (21... Qh5 $11) 22. Rxa2 (22. Bxc7 Rxa1 23. Rxa1 Nd7 $11) (22. Qxh6
Nh5 23. Qg5+ Qxg5 24. Bxg5 Rxb2 $15) 22... Qxa2 23. Qg3+ $1 (23. Qxh6 Qxb2 24.
Qg5+ (24. Bxc7 Nd5 $15) 24... Kf8 25. Bxc7 Nd5 $11) (23. Bxh6 Ne8 $11) (23.
Bxc7 Qxb2 24. Qg3+ (24. Qxh6 Nd5 $15) 24... Kh7 $11) 23... Kh7 (23... Kf8 {
was worth a try.}) 24. Be5 $18 {[%mdl 1088] Discovered Attack. White has
strong compensation.} (24. Bxc7 Qxb2 25. h3 Qe2 $11) 24... Qa5 $2 (24... Ng4 {
is tougher.} 25. Bd4 (25. Bxc7 Rf6 $11) (25. Rxf7+ Kg8 $18) 25... Rg6) 25. d4 (
{Inferior is} 25. Bxf6 Rxf6 $1 26. Rg1 Qb5 27. Qxc7 Qxb2 $17) 25... Qd2 26. Qf3
{To avoid Qe2.  Weighted Error Value: White=0.09 (flawless) /Black=0.53} ({
Don't go for} 26. Bxf6 $2 {[#]} Rxf6 $1 {[%mdl 512]} 27. Rb1 Qxd4 $19) 1-0

[Event "7th Gashimov Memorial-Rapid 2021"]
[Site "Baku"]
[Date "2021.12.19"]
[Round "2.3"]
[White "Mamedyarov, Shakhriyar"]
[Black "Asadli, Vugar"]
[Result "1-0"]
[WhiteElo "2767"]
[BlackElo "2579"]
[Annotator "TA"]
[PlyCount "59"]
[EventDate "2021.12.17"]
[EventType "tourn"]
[EventCountry "AZE"]
[SourceTitle "playchess.com"]
[Source "ChessBase"]
[SourceQuality "1"]

{[%evp 11,59,12,14,11,24,0,0,0,0,0,0,0,0,-43,-45,-45,-50,-83,-107,-101,-85,
-122,-113,-127,-64,-50,0,0,0,-60,0,-61,0,0,0,13,50,52,362,442,424,437,1096,
1043,29986,29977,29988,533,29991,29992]} 1. d4 d5 2. c4 e6 3. Nc3 Nf6 4. cxd5
exd5 5. Bg5 c6 6. Qc2 h6 7. Bh4 {D36: Queen's Gambit Declined: Exchange
Variation: Main line (5 Bg5 c6 6 Qc2).} g6 8. f3 $5 {[%mdl 4] Exploring less
charted territory.} (8. e3 $5 {[%cal Rh4f6]}) 8... Bg7 9. O-O-O {The position
is equal.} O-O 10. e4 dxe4 11. fxe4 Qa5 12. Nf3 (12. h3 $11) 12... Be6 $1 $15 {
[#]} 13. a3 $146 ({Predecessor:} 13. Bd3 b5 14. Be1 Ng4 15. e5 Rd8 16. Qe2 b4
17. Ne4 c5 18. Nxc5 Bxa2 19. Bc2 {0-1 (30) Piqueras Jimenez,M (2040)-Arnold,E 
(2042) ICCF email 2018}) 13... b5 14. e5 Nd5 15. Nxd5 cxd5 16. Kb1 Rc8 17. Qd2
{[#]} Qb6 (17... Qa4 $1 $17 {[%cal Ob5b4] ...b4! is the strong threat.} 18. Bd3
Nc6) 18. Be7 Nc6 (18... a5 $1 $15) 19. Bc5 $36 {[%mdl 2048] Black is under
pressure.} Qb7 {[%cal Ob5b4]} 20. h4 {[#]} (20. Rc1 $11) 20... b4 (20... Nxe5
$1 $15 21. Nxe5 Bxe5) 21. a4 ({White should play} 21. axb4 $11 Rab8 22. h5)
21... b3 (21... Qd7 $15) 22. h5 $1 Bf5+ 23. Bd3 {Threatens to win with Bxf5.}
Qa6 (23... Nxd4 $5 24. Nxd4 (24. Bxd4 Qc6 $17) 24... Rxc5 $11) 24. hxg6 fxg6 {
[%mdl 8192] Black cannot hold the game after this.} (24... Bxg6 $14 25. Bxg6
fxg6) 25. Bxf5 $18 {Really sharp!} gxf5 26. Rxh6 Qxa4 (26... Qc4 $142) 27. Ba3
{Threatening mate with Qg5.} Ne7 28. Rdh1 Qc4 29. Bxe7 (29. Qg5 $142 Qd3+ 30.
Ka1 Rc1+ 31. Rxc1 f4 32. Rch1 Re8 33. e6 Qf1+ 34. Rxf1) 29... Bxh6 30. Qxh6 {
Weighted Error Value: White=0.39/Black=0.86} 1-0

[Event "7th Gashimov Memorial-Rapid 2021"]
[Site "Baku"]
[Date "2021.12.19"]
[Round "2.3"]
[White "Navara, David"]
[Black "Karjakin, Sergey"]
[Result "0-1"]
[WhiteElo "2697"]
[BlackElo "2743"]
[Annotator "TA"]
[PlyCount "66"]
[EventDate "2021.12.17"]
[EventType "tourn"]
[EventCountry "AZE"]
[SourceTitle "playchess.com"]
[Source "ChessBase"]
[SourceQuality "1"]

{[%evp 9,66,-14,0,-15,-22,-34,-48,-43,-28,-42,-32,-34,-30,-55,0,-64,16,0,0,-9,
-11,-79,-60,-55,-4,-3,-16,-22,0,0,0,6,10,10,7,0,8,8,8,8,24,14,14,15,29,18,14,
14,15,17,292,294,346,330,330,199,181,189,178]} 1. Nf3 d5 2. g3 g6 3. c4 dxc4 4.
Qa4+ Nc6 5. Bg2 Bg7 6. Qxc4 {A09: Réti Opening: 1 Nf3 d5 2 c4.} e5 7. d3 Nge7
8. O-O {Black is slightly better. 8.Nc3 is not played anymore.} Be6 9. Qa4 O-O
10. Nc3 {[%cal Bb1c3,Bc3e4,Be4c5][%mdl 32]} h6 11. Bd2 Qd7 $5 {[%mdl 4] Leaves
trodden paths.} (11... f5 $15) 12. Rfc1 {[#]} (12. Ne4 $11) 12... Rad8 $146 (
12... f5 $1 $15) ({Predecessor:} 12... f5 13. Qd1 Rad8 14. Rab1 Nd4 15. Ne1 c5
16. b3 b6 17. Na4 Bd5 18. Bc3 Nec6 19. e3 Bxg2 20. Kxg2 Ne6 21. Qe2 f4 22. Rd1
Ng5 23. Ba1 f3+ {0-1 (23) Firouzja,A (2456)-Cheparinov,I (2689) Doha 2016}) 13.
Ne4 $11 {[%cal Od2h6]} Qc8 14. b4 a6 15. b5 (15. Rab1 $11 {keeps the balance.})
15... axb5 $17 16. Qxb5 Bd5 (16... f5 $15 17. Nc3 e4) 17. Nc5 $11 Bxf3 18. Bxf3
e4 19. Bxe4 Nd4 20. Qxb7 Nxe2+ 21. Kg2 Qxb7 22. Nxb7 Ra8 {[#]} 23. Rxc7 $1 {
Re1 is the strong threat.} Bxa1 24. Rxe7 {Hoping for Bd5.} Rxa2 (24... Bf6 $5 {
[%cal Rf6e7]} 25. Rd7 Nc3 $11) 25. Bxh6 {Black must now prevent Bd5.} Bg7 26.
Bd5 {This bishop pair is nice.} Rb2 27. Bxg7 Kxg7 28. Nd6 {[%cal Rd6f7]} Nd4
29. Bxf7 {aiming for Bc4+.} ({But not} 29. Nxf7 Nf5 30. Re4 Rxf7 31. Bxf7 Kxf7
$15) 29... Kf6 $2 {[%mdl 8192] Loses the game.} (29... Nc6 $1 $11 {and Black
stays safe.} 30. Rc7 Ne5 31. Bc4+ Kh6 32. Nf7+ Nxf7 33. Rxf7 (33. Bxf7 Rd2 $11)
33... Rxf7 34. Bxf7 g5) 30. Rd7 $18 ({Less strong is} 30. Re4 Rb4 $16) 30...
Nc6 31. Ne4+ Kf5 32. Rd5+ Ne5 {[#]} 33. Bxg6+ {[%mdl 512]} Ke6 {[%mdl 32768]
Weighted Error Value: White=0.17 (very precise) /Black=0.30. Sensor Board
Error (Ke4/e5)?} 0-1